| 000 | 00449nam a2200169Ia 4500 | ||
|---|---|---|---|
| 008 | 221030s9999 xx 000 0 und d | ||
| 020 | _a8176353949 | ||
| 041 | _aEnglish | ||
| 082 |
_a105.23 _bLop |
||
| 100 | _aE. D. C. Lopo | ||
| 245 | 0 |
_aSams Teach Yourself C for Linux Programming in 21 Days _cby E. D. C. Lopo, P. Aitken |
|
| 260 |
_bBPB Pub _aNew Delhi _c2000 |
||
| 300 | _a744 | ||
| 650 | _aBE Computer | ||
| 700 | _aP. Aitken | ||
| 942 | _cBK | ||
| 999 |
_c8508 _d8508 |
||